Evaluating the effectiveness of community based micro hydropower for rural electrification case study : Neelum Valley / (Record no. 540731)

000 -LEADER
fixed length control field 00538nam a22001457a 4500
082 ## - DEWEY DECIMAL CLASSIFICATION NUMBER
Classification number 620.005
100 ## - MAIN ENTRY--PERSONAL NAME
Personal name Farooq, Neeha
245 ## - TITLE STATEMENT
Title Evaluating the effectiveness of community based micro hydropower for rural electrification case study : Neelum Valley /
Statement of responsibility, etc. Neeha Farooq.
260 ## - PUBLICATION, DISTRIBUTION, ETC.
Place of publication, distribution, etc. Islamabad:
Name of publisher, distributor, etc. CEME - NUST,
Date of publication, distribution, etc. 2012.
300 ## - PHYSICAL DESCRIPTION
Extent 104 p.: ill.;
Dimensions 30cm.
650 ## - SUBJECT ADDED ENTRY--TOPICAL TERM
Topical term or geographic name entry element Engineering Management- MS Theses.
700 ## - ADDED ENTRY--PERSONAL NAME
Personal name Sup: Dr. Shafqat Hameed.
942 ## - ADDED ENTRY ELEMENTS (KOHA)
Source of classification or shelving scheme
Koha item type Thesis
650 ## - SUBJECT ADDED ENTRY--TOPICAL TERM
-- 34601
700 ## - ADDED ENTRY--PERSONAL NAME
-- 34602
Holdings
Withdrawn status Lost status Source of classification or shelving scheme Damaged status Not for loan Permanent Location Current Location Shelving location Date acquired Total Checkouts Full call number Barcode Date last seen Price effective from Koha item type
          Central Library (CL) Central Library (CL) Thesis 11/05/2020   620.005 CL-T-745 11/05/2020 11/05/2020 Thesis
© 2023 Central Library, National University of Sciences and Technology. All Rights Reserved.